000 00509cam a22002051 4500
001 med47002627
003 DLC
005 20260227111606.0
008 810815s1947 xx a 000 0 eng
010 _amed47002627
035 _a(OCoLC)14741559
040 _aDLC
_cDNLM
_dDLC
042 _apremarc
050 0 0 _aRM730
_b.A78
060 0 _aWB 905
_bA829f 1947
100 1 _aAshton, Roy Stanley,
_d1877-
245 1 0 _aFundamental chiropractic ...
260 _a[Brooklyn?]
_cc1947.
300 _a1 v.
_bill.
999 _c38654
_d38654